Cālacitra. (Record no. 54016)

MARC details
000 -LEADER
fixed length control field 00484cam a22002051 4500
001 - CONTROL NUMBER
control field sa 63001527
003 - CONTROL NUMBER IDENTIFIER
control field DLC
005 - DATE AND TIME OF LATEST TRANSACTION
control field 20260227111928.0
008 - FIXED-LENGTH DATA ELEMENTS--GENERAL INFORMATION
fixed length control field 890427s1962 ii a 000 0 beno
010 ## - LIBRARY OF CONGRESS CONTROL NUMBER
LC control number sa 63001527
035 ## - SYSTEM CONTROL NUMBER
System control number (OCoLC)19614470
040 ## - CATALOGING SOURCE
Original cataloging agency DLC
Transcribing agency WaU
Modifying agency DLC
042 ## - AUTHENTICATION CODE
Authentication code premarc
050 00 - LIBRARY OF CONGRESS CALL NUMBER
Classification number PK1718.R63
Item number C3
100 1# - MAIN ENTRY--PERSONAL NAME
Personal name Roy, Kalidas,
Dates associated with a name 1889-1975.
245 10 - TITLE STATEMENT
Title Cālacitra.
260 ## - PUBLICATION, DISTRIBUTION, ETC.
Date of publication, distribution, etc. [1962]
300 ## - PHYSICAL DESCRIPTION
Extent 159 p.
Other physical details illus.
Dimensions 23 cm.
500 ## - GENERAL NOTE
General note In Bengali.

No items available.

Powered by Koha